Les noms de l'histoire : essai de poetique du savoir
Αποθηκεύτηκε σε:
| Κύριος συγγραφέας: | |
|---|---|
| Μορφή: | Βιβλίο |
| Γλώσσα: | French |
| Δημοσίευση: |
Paris :
Seuil,
1992.
|
| Σειρά: | Librairie du XXe siecle
|
| Θέματα: | |
| Ετικέτες: |
Προσθήκη ετικέτας
Δεν υπάρχουν, Καταχωρήστε ετικέτα πρώτοι!
|
MARC
| LEADER | 00000cam a2200000 i 4500 | ||
|---|---|---|---|
| 001 | 1/5295 | ||
| 008 | 960527s1992 fr | ||| |||| ||fre|| | ||
| 020 | |a 2020200600 | ||
| 035 | |l 10015954 | ||
| 040 | |a GR-MyUA |b gre |e AACR2 | ||
| 041 | 0 | |a fre | |
| 082 | 0 | |a 901 | |
| 100 | 1 | |a Rancière, Jacques. | |
| 245 | 1 | 4 | |a Les noms de l'histoire : |b essai de poetique du savoir / |c Jacques Ranciere. |
| 260 | |a Paris : |b Seuil, |c 1992. | ||
| 300 | |a 213 σ. | ||
| 490 | 1 | |a (Librairie du XXe siecle) | |
| 650 | 0 | 0 | |a History |x Philosophy. |
| 650 | 0 | 0 | |a Literature and history. |
| 650 | 0 | 0 | |a Historiography |z France |x History |y 20th century. |
| 767 | 0 | 8 | |i Μεταφρασμένο ως: |t The names of history : |
| 830 | 0 | |a Librairie du XXe siecle | |
| 852 | |a INST |b LESVOS |e 19960527 |h 901 RAN |p 005100010101 |q 005100010101 |t BK |y 0 | ||
| 909 | |a Λ |b 033802 | ||